The cultural-political traditions and developments of the Soviet cinema, 1917-1972.

Bibliographic Details
Main Author: Cohen, Louis Harris
Format: Book
Language:English
Published: New York : Arno Press, 1974
Series:Arno Press cinema program.
Dissertations on film series.
Subjects:

MARC

Tag First Indicator Second Indicator Subfields
LEADER 00000cam a2200000 4500
001 in00000336188
005 20151011055035.0
008 740603c19741973nyua b 00000 eng
010 |a  74002077  
020 |a 0405048769 
035 |a (OCoLC)00940540 
035 |9 ABM2012AM 
040 |a DLC  |c DLC  |d TXA  |d UtOrBLW 
043 |a e-ur--- 
049 |a TXAM  |c [1108753] 
050 0 0 |a PN1993.5.R9  |b C6 
082 0 |a 791.43/0947 
100 1 |a Cohen, Louis Harris. 
245 1 4 |a The cultural-political traditions and developments of the Soviet cinema, 1917-1972. 
264 1 |a New York :  |b Arno Press,  |c 1974 
264 4 |c [©1973] 
300 |a xii, 724 pages :  |b illustrations ;  |c 24 cm. 
336 |a text  |b txt  |2 rdacontent 
337 |a unmediated  |b n  |2 rdamedia 
338 |a volume  |b nc  |2 rdacarrier 
490 1 |a The Arno Press cinema program 
490 1 |a Dissertations on film series 
500 |a Originally presented as the author's thesis, University of Southern California, Los Angeles, 1973. 
500 |a A revision of the author's thesis published in 1976 under title: The Soviet cinema, film, and photography. 
504 |a Bibliography: pages 682-724. 
650 0 |a Motion pictures  |x Social aspects  |z Soviet Union. 
830 0 |a Arno Press cinema program. 
830 0 |a Dissertations on film series. 
999 |a MARS 
999 f f |s 9875645a-84da-35b1-a945-33c4262beef8  |i 77dba87c-018d-3e74-98ec-91900d575943  |t 0 
952 f f |p ric  |a Texas A&M University  |b Rellis Campus  |c Joint Library Facility  |d Remote Storage  |t 0  |e PN1993.5.R9 C6  |h Library of Congress classification  |i unmediated -- volume  |m A14803685911 
998 f f |a PN1993.5.R9 C6  |t 0  |l Remote Storage